000 00407nam a2200133Ia 4500
008 151021s9999 xx 000 0 und d
020 _a9.7803409572e+012
050 _aGF 41 .M525 2008
245 _a_The Global Casino An Introduction to Environment Issues Nick Middleton
300 _avi,505p;ill.
500 _aIncludes Index
650 _a_Environmental Issues
980 _a^d20120112 11:34:27^okorir
999 _c8365
_d8365